000
00263nam a22001217a 4500
082
_a
669 BUT'M
100
_a
BUTTS, ALLISON
_9
56965
245
_a
METALLURGICAL PROBLEMS
250
_a
2ND
260
_a
NEWYORK
_b
MCGRAW HILL
_c
1943
300
_a
446P
942
_c
BK
999
_c
567287
_d
567287